| 000 | 00745nam a22002057a 4500 | ||
|---|---|---|---|
| 003 | OSt | ||
| 005 | 20251024024808.0 | ||
| 008 | 251024b |||||||| |||| 00| 0 eng d | ||
| 020 | _a978-1-55766-914-8 | ||
| 040 |
_aDWCL-Admin lib _cOC |
||
| 082 | _aCirc. 428.40712 Is73 2007 | ||
| 100 | _aSnow, Catherine E. | ||
| 245 |
_a Is literacy enough?: pathways to academic success for adolescents / _cCatherine E. Snow |
||
| 260 |
_aBaltimore, Md. : _bPaul H. Brookes Pub. Co., _cc 2007 |
||
| 300 |
_a xix,153 p. ; ill.; _c23cm. |
||
| 504 | _aIncludes bibliographical references and index. | ||
| 650 | _a1. Academic achievement-United States. Longitudinal studies | ||
| 650 | _a2. Reading (secondary)-United States. | ||
| 942 |
_2ddc _cBK-CIRC _kCirc. _n0 |
||
| 999 |
_c5089 _d5089 |
||